Countries that Border Poland by Flag-Shape - Statistics

General Stats
  • This quiz has been taken 42 times
  • The average score is 7 of 7
Answer Stats
Picture Answer % Correct
Russia
100%
Belarus
97%
Slovakia
95%
Germany
92%
Ukraine
92%
Czechia
89%
Lithuania
89%
No matching quizzes found
Score Distribution
Percent of People with Each Score
Percentile by Number Answered
Your Score History
You have not taken this quiz